000 00541nam a2200181Ia 4500
001 11330
005 20260306162820.0
008 260306t1990||||xx |||||||||||||| ||spa||
041 _aESP
082 _a985.03
_bT25
100 _aTauro del Pino, Alberto
_eAUT
245 0 _aDictamen de don José Rodriguez de Carassa del orden de calatrava y ensayador mayor del reino del Perú y de la real casa de moneda de Lima
260 _c1990
300 _a197 páginas :
_c20 cm.
650 _aGEN
654 _aCHU
942 _cLIB
_dJUS
_fJUS
_2ddc
_n
999 _c11330
_d11330